000 00676nam a22002057a 4500
005 20251108165356.0
008 250721s1978 xx 000 0 ara d
082 1 4 _a933/أحم
100 1 _aسوسه، أحمد
245 1 0 _aملامح من التاريخ القديم :
_bيهود العراق /
264 1 _aبغداد :
_bمركز الدراسات الفلسطينية - جامعة بغداد،
_c1978.
300 _a326ص : ملاحق
490 0 _aسلسلة دراسات فلسطينية ؛ 12
650 1 7 _aاليهود
650 1 7 _aالتاريخ القديم
650 1 7 _aالتاريخ
650 1 7 _aالعراق
942 _2ddc
_cBK
999 _c26397
_d26397